| 000 | 00752nam a2200205 4500 | ||
|---|---|---|---|
| 999 |
_c4623 _d4623 |
||
| 008 | 150904b xxu||||| |||| 00| 0 eng d | ||
| 020 | _a9780321692608 | ||
| 020 | _a0321692608 | ||
| 050 | _aQA 276.12 .D417 2012 | ||
| 100 | _aDe Veaux, Richard D | ||
| 245 |
_aStats: _bdata and models/ _cRichard D De Veaux |
||
| 250 | _a3rd ed | ||
| 260 |
_aBoston : _bAddison-Wesley, _c©2012. |
||
| 300 |
_axxv, 865 [75] p.: _b ill. (chiefly col.); _c29cm |
||
| 650 | _aStatistics-Textbooks. | ||
| 650 | _aMathematical statistics-Textbooks. | ||
| 700 | _aVellem,Paul F. | ||
| 700 | _aBock,David E. | ||
| 942 |
_2lcc _cBOOKS _hQA 276.12 .D417 2012 _01 |
||